00533nam a2200181Ia 4500008004100000020001800041050001900059050002000078245006000098245006800158260001600226260001800242260000900260300001600269300001100285650002800296650002700324180523s9999 xx 000 0 und d a81-7446-315-1 aMAIN HF 5549.5 b.R3T47 2003 v.2 0a360 degree feedback and performance management system / 0cedited by T.V. Rao, Gopal Mahapatra, Baju Raon, Nandini Chawla. aNew Delhi : bExcel Books., c2002 a267 pages : c22 cm. aEmployees -- Rating of. xPerformance standards.